Organisations et partis de Gauche en France - Statistiques

Statistiques générales
  • Ce quiz a été pris 45 fois
  • Le résultat moyen est 2 sur 6
Statistiques - réponses
Réponse % Correct
Mouvement/Parti La France Insoumise
100%
Groupe Antifasciste La Jeune Garde
39%
Collectif écologiste Les Soulèvements de la Terre
21%
Parti Parti Ouvrier Indépendant
11%
Parti Révolution Écologique pour le Vivant
11%
Parti NPA-l'Anticapitaliste
5%
Aucun quiz correspondant
Distribution des résultats
% des personnes avec chaque résultat
Percentile par nombre de réponses
Votre historique - résultats
Vous n’avez pas pris ce quiz